000 00447nam a22001697a 4500
003 MPLRDC
005 20220104143836.0
008 210129b ||||| |||| 00| 0 eng d
020 _a962-257-714-8
082 _a855 LZF-3
100 _a刘再复 著
245 _a放逐诸神: 文论提纲和文学史重评
_c
260 _a
_b天地图书有限公司
_c1994
300 _b
650 _a散文;随笔、日记
942 _cBK
_o855 LZF-3
999 _c43878
_d43868